000 00872nas a2200277 4500
001 BR0702488
003 BR-BrBNA
005 20231205110756.0
007 ta
008 230509b bl.|||p| |||| 00| 00por d
040 _aBR-BrBNA
_bpor
_cBiblioteca Nacional de Agricultura
041 _a(Pt)
072 _aF30; P34
100 1 _aSouchie, E.L.
100 1 _aAbboud, A.C. de S.
245 1 _aSolubilização de fosfato por microrganismos rizofericos de genotipos de gunadu cultivados em diferentes classes de solo
650 _aGUANDU
650 _aFOSFATO
650 _aGENOTIPO
650 _aBIOLOGIA DO SOLO
650 _aSOLUBILIDADE
650 _aCLASSIFICAÇÃO DO SOLO
773 0 _tSemina. Ciencias Agrarias (Brazil)
_xISSN 1676-546X
_g(Jan-Mar 2007), v. 28(1) p. 11-18
_wBR0702488
909 _a202311
_bLúcia
_c55
_dLúcia Elande
942 _2AGRIS
_n0
_cANA
999 _c189001
_d189001